000 00288nam a22001337a 4500
008 170908b xxu||||| |||| 00| 0 eng d
020 _a9780195315820
041 _aeng
080 _a91
100 _a42
101 _aGEO
245 _aWHY GEOGRAPHY MATTERS
_cHARM.D
942 _2udc
_cBK
999 _c26823
_d26823